000 01154nam2a2200205 4500
001 RU\NLR\PER_A\003193961_001000
005 20250702151516.0
035 _a(NLR Aleph) 022571959
090 _a13443313
_c13443313
100 _a20250623d2024 |||y0rusy50 ca
101 0 _arus
102 _aRU
200 0 _aТ. 52, № 4 (72)
210 _d2024
461 0 _1001RU\NLR\Per\949238
_12001#$aЮридический вестник Дагестанского государственного университета$eнаучно-образовательный журнал$fМ-во образования и науки Рос. Федерации$vТ. 52, № 4 (72)
_93388880
_cМахачкала
_d2012 -
_fМ-во образования и науки Рос. Федерации
_nИздательско-полиграфический центр ДГУ
_oнаучно-образовательный журнал
_tЮридический вестник Дагестанского государственного университета
_x2224-0241
_vТ. 52, № 4 (72)
852 _aNLR
_jП23/8697
942 _cISSUE
980 _aRUSPER
980 _aNB